Vzestup a pád rodu Windsorů /

Hlavní autor: Wilson, A. N., 1950-
Další autoři: Valenta, Petr
Jazyk: Čeština
Vydáno: Praha : Mladá fronta, 1994
Vydání: 1. vyd.
Témata:
Externí odkaz: Digitalizovaný dokument
Fyzický popis: 194 s., [14] s. obr. příl. : il., portréty ; 22 cm
Knihy
Uloženo v:
LEADER 01757nam a2200445 a 4500
001 000013818
003 CZ BrMZK
005 20260310134704.0
007 ta
008 940719s1994 xr acf f 001 0 cze d
015 |a cnb000082520 
020 |a 80-204-0442-2  |c 89.00 
040 |a BOA001  |b cze 
043 |a e-uk--- 
045 |a w-x- 
072 7 |a 929.5/.9  |x Genealogie. Heraldika. Šlechta. Vlajky  |2 Konspekt  |9 8 
080 |a 929.731  |2 MRF 
080 |a (410)  |2 MRF 
080 |a (0:82-96)  |2 MRF 
100 1 |a Wilson, A. N.,  |d 1950-  |7 jn19990009171  |4 aut 
245 1 0 |a Vzestup a pád rodu Windsorů /  |c A.N. Wilson ; [přeložil Petr Valenta] 
250 |a 1. vyd. 
260 |a Praha :  |b Mladá fronta,  |c 1994 
300 |a 194 s., [14] s. obr. příl. :  |b il., portréty ;  |c 22 cm 
500 |a Přeloženo z angličtiny 
500 |a Obsahuje rejstřík 
600 3 7 |a Windsorové (rod)  |7 jx20060324048  |2 czenas 
648 7 |a 19.-20. století  |7 ch757015  |2 czenas 
650 0 7 |a panovnické dynastie  |7 ph123932  |z Velká Británie  |y 19.-20. století  |2 czenas 
650 0 9 |a royal houses  |z Great Britain  |y 19th-20th centuries  |2 eczenas 
655 7 |a literatura faktu  |7 fd132773  |2 czenas 
655 9 |a non-fiction  |2 eczenas 
700 1 |a Valenta, Petr  |7 jx20080421015  |4 trl 
765 0 |t Rise and fall of the House of Windsor  |9 Česky 
856 4 1 |u http://www.digitalniknihovna.cz/mzk/uuid/uuid:0c8e7080-bc05-11e8-bbaa-005056827e52  |x NDK  |y Digitalizovaný dokument 
910 |a BOA001  |b 2-1000.402  |b PK-0121.527 
920 |a 000026829 
990 |a BK 
996 6 |b 2610010387  |c 2-1000.402  |l MZK  |r Sklad / do 1 hodiny  |n 2  |p p.v.  |w 000013818  |u 000010  |a 1  |e BOA001  |j MZK50  |s P 
996 7 |b 3119996069  |c PK-0121.527  |l MZK  |r Sklad / do 1 hodiny  |n 3  |w 000013818  |u 000020  |a 1  |e BOA001  |j MZK50  |s A